| 000 | 01095cam a2200241M 4500 | ||
|---|---|---|---|
| 001 | factsaboutgerman00lexi | ||
| 003 | CaSfIA | ||
| 005 | 20210118082344.0 | ||
| 007 | cr|||| | ||
| 008 | 050426s1981 xx 000 0 eng d | ||
| 040 |
_aUKV3G _cUKV3G _dCaSfIA |
||
| 035 | _a(OCoLC)59682511 | ||
| 245 | 0 | 0 |
_aFacts about Germany : _h[electronic resource] _bthe Federal Republic of Germany. |
| 250 | _a3rd revised edition. | ||
| 260 |
_bLexikothek Verlag, _c1981. |
||
| 300 |
_a415 p. : _bill., maps |
||
| 029 | 1 |
_aAU@ _b000010346774 |
|
| 856 | 4 | 1 |
_uhttp://www.archive.org/details/factsaboutgerman00lexi _zFree eBook from the Internet Archive |
| 856 | 4 | 2 |
_uhttp://www.openlibrary.org/books/OL24238791M _zAdditional information and access via Open Library |
| 942 | _cEB | ||
| 506 | _fНеобхідна авторизація на https://archive.org/ (створення облікового запису безкоштовно) | ||
| 506 | _fНеобхідна авторизація на https://openlibrary.org/ (створення облікового запису безкоштовно) | ||
| 999 |
_c494911 _d494911 |
||